LEADER 02263nam0 22005053i 450 001 VAN0248719 005 20230529125603.508 017 70$2N$a9783030549466 100 $a20220727d2020 |0itac50 ba 101 $aeng 102 $aCH 105 $a|||| ||||| 200 1 $aArithmetic Tales$eAdvanced Edition$fOlivier Bordellès$gtransl. from the french by Véronique Bordellès 205 $a2. ed 210 $aCham$cSpringer$d2020 215 $axix, 782 p.$cill.$d24 cm 410 1$1001VAN0024506$12001 $aUniversitext$1210 $aBerlin [etc]$cSpringer$d1930- 500 1$3VAN0248720$aThèmes d?arithmétique$92902421 606 $a11-XX$xNumber theory [MSC 2020]$3VANC019688$2MF 606 $a11Rxx$xAlgebraic number theory: global fields [MSC 2020]$3VANC019690$2MF 606 $a11Axx$xElementary number theory [MSC 2020]$3VANC019694$2MF 606 $a11Nxx$xMultiplicative number theory [MSC 2020]$3VANC020461$2MF 606 $a11L07$xEstimates on exponential sums [MSC 2020]$3VANC021824$2MF 606 $a11Lxx$xExponential sums and character sums [MSC 2020]$3VANC021897$2MF 610 $aAlgebraic number theory$9KW:K 610 $aAnalytic Number Theory$9KW:K 610 $aArithmetical functions$9KW:K 610 $aDedekind zeta function$9KW:K 610 $aDirichlet L-function$9KW:K 610 $aDistribution of prime numbers$9KW:K 610 $aExponential sums$9KW:K 610 $aLattice points exponent pairs$9KW:K 610 $aMultiplicative number theory$9KW:K 620 $aCH$dCham$3VANL001889 700 1$aBordellès$bOlivier$3VANV203544$0517601 702 1$aBordellès$bVéronique$3VANV203545$4730 712 $aSpringer $3VANV108073$4650 801 $aIT$bSOL$c20240614$gRICA 856 4 $uhttp://doi.org/10.1007/978-3-030-54946-6$zE-book ? Accesso al full-text attraverso riconoscimento IP di Ateneo, proxy e/o Shibboleth 899 $aBIBLIOTECA DEL DIPARTIMENTO DI MATEMATICA E FISICA$1IT-CE0120$2VAN08 912 $fN 912 $aVAN0248719 950 $aBIBLIOTECA DEL DIPARTIMENTO DI MATEMATICA E FISICA$d08CONS e-book 4569 $e08eMF4569 20220727 996 $aThèmes d?arithmétique$92902421 997 $aUNICAMPANIA LEADER 02234nam2 2200541 i 450 001 VAN00052438 005 20260330122338.555 010 $a03-87547-01-0 100 $a20060915d1993 |0itac50 ba 101 $aeng 102 $aDE 105 $a|||| ||||| 181 $ai$b e 182 $an 183 $anc 200 1 $aˆ4: ‰Non-regular Riemannian geometry$fYu. G. Reshetnyak (Ed.) 210 $aBerlin$aHeidelberg$cSpringer$d1993 215 $a250 p.$d24 cm 300 $aTraduzione dal russo 410 1$1001VAN00024175$12001 $aEncyclopaedia of mathematical sciences$feditor in chief: R. V. Gamkrelidze$1210 $aBerlin [etc.]$cSpringer$v70 461 1$1001VAN00055422$12001 $aGeometry$1210 $aBerlin$cSpringer$d1991-2001$1215 $a6 volumi$d25 cm$1300 $aI curatori variano$v4 500 1$3VAN00304033$aGeometriya 4$94557130 606 $a53-XX$xDifferential geometry [MSC 2020]$3VANC019813$2MF 610 $aApproximation by Polyhedra$9KW:K 610 $aBounded Curvature$9KW:K 610 $aCurvatures$9KW:K 610 $aIntegral Curvature$9KW:K 610 $aK-Concavity$9KW:K 610 $aManifolds$9KW:K 610 $aMetric spaces$9KW:K 610 $aPlateau's Problem$9KW:K 610 $aRiemannian geometry$9KW:K 610 $aRiemannian spaces$9KW:K 620 $dBerlin$3VANL000066 620 $aDE$dHeidelberg$3VANL000282 702 1$aReshetniak$bIurii G.$3VANV041327$4340 712 $aSpringer $3VANV108073$4650 790 1$aReshetnyak, Yurii Grigor'evich$zReshetniak, Iurii G.$3VANV037531 790 1$aReshetnyak, Yu. G.$zReshetniak, Iurii G.$3VANV041328 790 1$aReshetniak, I.G.$zReshetniak, Iurii G.$3VANV059872 790 1$aReshetniak, I. G.$zReshetniak, Iurii G.$3VANV232526 801 $aIT$bSOL$c20260403$gRICA 856 4 $u/sebina/repository/catalogazione/documenti/geometry iv.pdf$zgeometry iv.pdf 899 $aBIBLIOTECA DEL DIPARTIMENTO DI MATEMATICA E FISICA$1IT-CE0120$2VAN08 912 $aVAN00052438 950 $aBIBLIOTECA DEL DIPARTIMENTO DI MATEMATICA E FISICA$d08PREST 53-XX 3669 $e08 2984 I 20060915 996 $aGeometriya 4$94557130 997 $aUNICAMPANIA